000 00640nam a2200229Ia 4500
003 OSt
005 20220925174637.0
006 a|||||r|||| 00| 0
007 ta
008 220923b |||||||| |||| 00| 0 eng d
037 _cGeneral Book
040 _aRTL
_cRTL
_beng
041 _2eng
_aeng
082 _aX:75.2.N6, K5
100 _aRoy Ajit
_9100099
245 0 _aPlanning in India
_b Achievements and problems
260 _aCALCUTTA-6
_bNATIONAL PUBLISHERS
_c1965
300 _a523p.
_ccm.
650 _aPlanned Economy-India
942 _hX:75.2.N6, K5
_cGB
_2CC
999 _c491581
_d491581